Normal view
MARC view
Entry Personal Name
001 - CONTROL NUMBER
- control field: 44008
003 - CONTROL NUMBER IDENTIFIER
- control field: ARRUPE
005 - DATE AND TIME OF LATEST TRANSACTION
- control field: 20190114105929.0
008 - FIXED-LENGTH DATA ELEMENTS
- fixed length control field: 190114|| aca||aabn | a|a d
040 ## - CATALOGING SOURCE
- Original cataloging agency: ARRUPE
- Transcribing agency: ARRUPE
100 ## - HEADING--PERSONAL NAME
- Personal name: Owen, Harrison,
- Dates associated with a name: 1935-
670 ## - SOURCE DATA FOUND
- Source citation: Work cat.: (ARRUPE)0: Owen, Harrison, 1935-, Open space technology :, c2008.